| 000 | 00368nam a22001457a 4500 | ||
|---|---|---|---|
| 999 |
_c7920 _d7920 |
||
| 003 | OSt | ||
| 005 | 20200604103951.0 | ||
| 008 | 200604b ||||| |||| 00| 0 eng d | ||
| 020 | _a9788415223603 | ||
| 082 |
_a720 _bMIN |
||
| 110 | _aMinguet Maria Josep | ||
| 245 | _aAffordable Houses Architecture | ||
| 260 |
_aS.A. _bInstituto Monsa de Ediciones, _c2012 |
||
| 942 | _2ddc | ||